Just 3 Words: Classic TV Shows Quiz Stats

 Plays Quiz Updated Feb 26, 2018

Score 0/50 Timer 07:00
0 Plays Today
3 Words Show % Correct
Joker, Gotham, PenguinBatman
88.9%
Kryptonite, Lois, ClarkAdventures Of Superman
88%
Skipper, Boat, StrandedGilligan's Island
85.4%
Space, Enterprise, TribblesStar Trek
83.6%
Threesome, Farrah, DetectivesCharlie's Angels
82.9%
Millionaires, Oil, JethroBeverly Hillbillies
82.6%
Alice, Family, MarciaThe Brady Bunch
80.9%
Motorcycles, California, PoliceCHiPs
79.8%
Danno, Island, PoliceHawaii Five-O
79.5%
Horse, Wilbur, ArchitectMister Ed
79.1%
Opie, Mayberry, SheriffThe Andy Griffith Show
78%
Arnold, Farm, GaborGreen Acres
76.7%
Meathead, Bigot, JeffersonsAll in the Family
76.5%
Collie, Timmy, JeffLassie
76.1%
Twitch, Darren, MagicBewitched
75.3%
Spacely, Sprockets, CartoonThe Jetsons
75.1%
Hogg, Dixie, DaisyThe Dukes of Hazzard
74.6%
Davy, Band, Beatles?The Monkees
74.5%
Milwaukee, Roommates, SquiggyLaverne and Shirley
74.2%
Band, Bus, DannyThe Partridge Family
73.9%
Falk, Homicide, RaincoatColumbo
73.8%
Tattoo, Plane, RourkeFantasy Island
73.4%
Minneapolis, Rhoda, ProducerThe Mary Tyler Moore Show
72.6%
Barbarino, Teacher, SweathogsWelcome Back, Kotter
72.2%
Weezie, Biracial, ApartmentThe Jeffersons
70.5%
3 Words Show % Correct
Ranch, Hoss, PonderosaBonanza
70.1%
Bottle, Astronaut, NelsonI Dream of Jeannie
70.1%
Banner, Angry, GreenThe Incredible Hulk
69.9%
Flo, Mel, DinerAlice
68.7%
Annette, Ears, DisneyThe Mickey Mouse Club
68.1%
Alien, Egg, ColoradoMork & Mindy
67.5%
Robinsons, Colonists, RobotLost in Space
67.3%
Serling, Dimension, AnthologyThe Twilight Zone
66%
Sarge, Marines, NaborsGomer Pyle: USMC
65.8%
Willis, Manhattan, AdoptedDiff'rent Strokes
65%
Sketches, Conway, MamaThe Carol Burnett Show
63.9%
Friday, Detectives, L.A.Dragnet
62%
Music, Dancing, ClarkAmerican Bandstand
61.1%
Fish, Precinct, DetectivesBarney Miller
57.9%
Bus, Sewer, AliceThe Honeymooners
57.9%
Chip, Siblings, WidowerMy Three Sons
55.8%
Junk, Elizabeth, DummySanford and Son
54.3%
Nixon, Psychedelic, BuzziRowan & Martin's Laugh-In
50.6%
Psychologist, Howard, ChicagoThe Bob Newhart Show
47.8%
Cosby, Tennis, UndercoverI Spy
47.6%
Ottoman, Laura, ToupeeThe Dick Van Dyke Show
46.2%
Laura, Minnesota, NellieLittle House on the Prairie
44.3%
Findlay, Liberal, AbortionMaude
35.2%
Hatch, Cylons, TribeBattlestar Galactica
33.5%
Dinosaurs, Sleestak, PortalLand of the Lost
33.1%

You're not logged in!

Compare scores with friends on all Sporcle quizzes.
OR
Log In

Sporcle TV

Today on Sporcle TV


Watch our educational content, quiz creation guides, and fun videos on Sporcle TV.

Show Comments

Extras

Top Quizzes Today


Score Distribution

Your Account Isn't Verified!

In order to create a playlist on Sporcle, you need to verify the email address you used during registration. Go to your Sporcle Settings to finish the process.

Report this User

Report this user for behavior that violates our Community Guidelines.

Details: